000 01218nam a2200229Ia 4500
001 L248-27631
003 IT-CnALBA
008 170116s9999||||xx |||||||||||||| ||und||
040 _aIT-CnALBA
_cIT-CnALBA
041 _aITALIANO
100 _aBOBICHON MARIUS
245 0 _aMARIE DANS LA NOUVELLE LITURGIE DE LA PAROLE. TOME II.
250 _a1a ed.
260 _a LYON
_bEDITIONS DU CHALET DU SUD-EST
_c1975 [1° Ed.:1975 - Ed.Ling.Originale: 1975]
300 _a157 p.
500 _aTESTI BIBLICI: LETTURA E COMMENTO DELL'A. E N. TESTAMENTO. PURIIFICAZIONE DI MARIA. LOURDES. VISITAZIONE. CUORE IMMACOLATO. CARMELO. MARIA REGINA. S. MARIA MAGGIORE. ADDOLORATA. S. ROSARIO. PRESENTAZIONE DI MARIA AL TEMPIO. TOMO I: CONFRONTA DOCUMENTO 438
501 _aSocietà San Paolo EM - Piazza San Paolo, 14 - 12051 ALBA (CN) (non commercial uses only) ® Copyright 2017
520 _aTESTI BIBLICI: LETTURA E COMMENTO DELL'A. E N. TESTAMENTO. PURIIFICAZIONE DI MARIA. LOURDES. VISITAZIONE. CUORE IMMACOLATO. CARMELO. MARIA REGINA. S. MARIA MAGGIORE. ADDOLORATA. S. ROSARIO. PRESENTAZIONE DI MARIA AL TEMPIO. TOMO I: CONFRONTA DOCUMENTO 438
650 _aASCETICA E MISTICA
942 _cBK
957 _71
999 _a32420
_bNO
_g Copie: 1
_c286676
_d286676